An Introducation to database systems (Record no. 5184)
[ view plain ]
| 000 -LEADER | |
|---|---|
| fixed length control field | 00534nam a2200193Ia 4500 |
| 003 - CONTROL NUMBER IDENTIFIER | |
| control field | SGT |
| 020 ## - INTERNATIONAL STANDARD BOOK NUMBER | |
| International Standard Book Number | 9788177585568 |
| 082 ## - DEWEY DECIMAL CLASSIFICATION NUMBER | |
| Classification number | 5.74 |
| Item number | DAT |
| 100 ## - MAIN ENTRY--PERSONAL NAME | |
| Personal name | Date,C.J |
| 245 #3 - TITLE STATEMENT | |
| Title | An Introducation to database systems |
| 250 ## - EDITION STATEMENT | |
| Edition statement | 8th Ed. |
| 260 ## - PUBLICATION, DISTRIBUTION, ETC. (IMPRINT) | |
| Name of publisher, distributor, etc | Pearson |
| Place of publication, distribution, etc | N.Delhi |
| Year of Publication | 2009 |
| 300 ## - PAGE DESCRIPTION | |
| No. of Pages | 931p. |
| 650 ## - SUBJECT ADDED ENTRY--TOPICAL TERM | |
| Topical term or geographic name as entry element | COMPUTER SCIENCE |
| 653 ## - KEYWORDS--INDEX TERM | |
| Keyword term | PRELIMINARIES,THE RELATIONAL MODEL,DATABASE DESIGN,TRANSACTION MANAGEMENT,FURTHER TOPICS,OBJECTS RELATIONS AND XML |
| 700 ## - ADDED ENTRY--PERSONAL NAME | |
| Personal name | Kannan,A |
| 700 ## - ADDED ENTRY--PERSONAL NAME | |
| Personal name | Swamynathan,S |
| 942 ## - ADDED ENTRY ELEMENTS (KOHA) | |
| Source of classification or shelving scheme | Dewey Decimal Classification |
| Koha item type | Books |
| 942 ## - ADDED ENTRY ELEMENTS (KOHA) | |
| -- | 7 |
| Withdrawn status | Lost status | Source of classification or shelving scheme | Damaged status | Not for loan | Home library | Current library | Date acquired | SGTU | Total Checkouts | Full call number | Accession No. (Barcode) | Date last seen | Date last borrowed | Bill Date | Koha item type | Total Renewals |
|---|---|---|---|---|---|---|---|---|---|---|---|---|---|---|---|---|
| Dewey Decimal Classification | SGT Engineering Library | SGT Engineering Library | 24/06/2011 | SGTU | 5 | 5.74 DAT | FE3112 | 17/02/2025 | 03/02/2025 | 09/02/2015 | Books | |||||
| Dewey Decimal Classification | SGT Engineering Library | SGT Engineering Library | 24/06/2011 | SGTU | 5.74 DAT | FE3113 | 09/02/2015 | 09/02/2015 | Books | |||||||
| Dewey Decimal Classification | SGT Engineering Library | SGT Engineering Library | 24/06/2011 | SGTU | 4 | 5.74 DAT | FE3114 | 12/12/2024 | 03/12/2024 | 09/02/2015 | Books | 1 | ||||
| Dewey Decimal Classification | SGT Engineering Library | SGT Engineering Library | 24/06/2011 | SGTU | 6 | 5.74 DAT | FE3115 | 21/05/2019 | 18/05/2019 | 09/02/2015 | Books | 5 | ||||
| Dewey Decimal Classification | SGT Engineering Library | SGT Engineering Library | 24/06/2011 | SGTU | 7 | 5.74 DAT | FE3116 | 30/12/2024 | 09/12/2024 | 09/02/2015 | Books | 2 |